The senses of fish : Adaptations for the reception of natural stimuli

Salvato in:
Dettagli Bibliografici
Natura: Libro
Lingua:Undetermined
Pubblicazione: New Delhi, India Narosa Publishing House 2004
Soggetti:
Tags: Aggiungi Tag
Nessun Tag, puoi essere il primo ad aggiungerne! !
Thư viện lưu trữ: Trung tâm Học liệu Trường Đại học Cần Thơ
LEADER 00641nam a2200205Ia 4500
001 CTU_128105
008 210402s9999 xx 000 0 und d
020 |c 2705000 
082 |a 573.8717 
082 |b S474 
245 4 |a The senses of fish : 
245 0 |b Adaptations for the reception of natural stimuli 
245 0 |c Edited by Gerhard von der Emde, Joachim Mogdans and B.G. Kapoor. 
260 |a New Delhi, India 
260 |b Narosa Publishing House 
260 |c 2004 
650 |a Fishes,Chemoreceptors.,Fishes 
650 |x Sense organs.,Physiology. 
904 |i Minh 
980 |a Trung tâm Học liệu Trường Đại học Cần Thơ